000 00287nam a2200133Ia 4500
100 _aLundy/J.L
942 _cBK
654 _aIndustrial
245 _aEffective Industrial Management
260 _bEurasia publishing house
_c2001
082 _a658
300 _a588
546 _aENGLISH
999 _c28099
_d28099